书目信息 |
| 题名: |
自然地理与生态
|
|
| 作者: | 赵昭昞 著 | |
| 分册: | ||
| 出版信息: | 北京 中国环境科学出版社 2008.09 |
|
| 页数: | 419页 | |
| 开本: | 26cm | |
| 丛书名: | ||
| 单 册: | ||
| 中图分类: | P942.57 , X321.257 | |
| 科图分类: | ||
| 主题词: | 自然地理--研究--福建省 , 生态环境--研究--福建省 , 自然地理 , 生态环境 | |
| 电子资源: | ||
| ISBN: | 978-7-80209-725-4 | |
| 000 | 00881nam0 2200277 450 | |
| 001 | 010030016803 | |
| 005 | 20091208161418.95 | |
| 010 | @a978-7-80209-725-4@dCNY78.00 | |
| 100 | @a20081110d2008 em y0chiy0110 ea | |
| 101 | 0 | @achi |
| 102 | @aCN@b110000 | |
| 105 | @aab z 000yy | |
| 106 | @ar | |
| 200 | 1 | @a自然地理与生态@9zi ran di li yu sheng tai@f赵昭昞著 |
| 210 | @a北京@c中国环境科学出版社@d2008.09 | |
| 215 | @a419页@c图,地图@d26cm | |
| 330 | @a本书由52篇相关论文整合而成。全书分三部分。从一个侧面反映福建从新中国成立以来,特别是改革开放以来经济建设和生态建设的巨大成就。 | |
| 606 | 0 | @a自然地理@x研究@y福建省 |
| 606 | 0 | @a生态环境@x研究@y福建省 |
| 606 | 0 | @a自然地理 |
| 606 | 0 | @a生态环境 |
| 690 | @aP942.57@v4 | |
| 690 | @aX321.257@v4 | |
| 701 | 0 | @a赵昭昞@9zhao zhao bing@4著 |
| 801 | 0 | @aCN@bRENTIAN@c20091208 |
| 905 | @b20794846-50@dP942.57@e129@f5 | |
| 自然地理与生态/赵昭昞著.-北京:中国环境科学出版社,2008.09 |
| 419页:图,地图;26cm |
| ISBN 978-7-80209-725-4:CNY78.00 |
| 本书由52篇相关论文整合而成。全书分三部分。从一个侧面反映福建从新中国成立以来,特别是改革开放以来经济建设和生态建设的巨大成就。 |
| ● |
| 相关链接 |
|
|
|
|
正题名:自然地理与生态
索取号:P942.57/129
 
预约/预借
| 序号 | 登录号 | 条形码 | 馆藏地/架位号 | 状态 | 备注 |
| 1 | 794846 | 207948462 | 第二样本阅览室/ [索取号:P942.57/129] | 在馆 | |
| 2 | 794847 | 207948471 | 第三借阅区/ [索取号:P942.57/129] | 在馆 | |
| 3 | 794848 | 207948480 | 第三借阅区/ [索取号:P942.57/129] | 在馆 | |
| 4 | 794849 | 207948499 | 第三借阅区/ [索取号:P942.57/129] | 在馆 | |
| 5 | 794850 | 207948505 | 密集书库-资源管理系/ [索取号:P942.57/129] | 在馆 |